000 00677nam a2200253Ia 4500
003 OSt
005 20221005092506.0
006 a|||||r|||| 00| 0
007 ta
008 221004b |||||||| |||| 00| 0 eng d
020 _a0415239885
024 _a75902
037 _cTextual
040 _aCRL
_cCRL
_beng
041 _2eng
_aeng
082 _aV2,1J:594, P2
100 _aGommans Jos
245 0 _aMughal warfare
_b Indian frontiers and high roads to empire, 1500-1700
260 _aNew York
_bRoutledge USA
_c2002
300 _a268p.
_ccm.
650 _aHISTORY
942 _hV2,1J:594, P2
_cTEXL
_2cc
999 _c998927
_d998927